Cartoons: Tintin - Statistics

General Stats
  • This quiz has been taken 8 times
  • The average score is 7 of 23
Answer Stats
Album number Title % Correct
3 Tintin in America
86%
20 Tintin in Tibet
86%
5 The Blue Lotus
71%
16 Destination Moon
43%
22 Flight 714 to Sydney
43%
7 The Black Island
43%
6 The Broken Ear
43%
19 The Red Sea Sharks
43%
2 Tintin in the Congo
43%
14 Prisoners of the Sun
29%
18 The Calculus Affair
29%
23 Tintin and the Picaros
29%
1 Tintin in the Land of the Soviets
29%
4 Cigars of the Pharaoh
14%
8 King Ottokar's Sceptre
14%
15 Land of Black Gold
14%
12 Red Rackham's Treasure
14%
11 The Secret of the Unicorn
14%
10 The Shooting Star
14%
17 Explorers on the Moon
0%
21 The Castafiore Emerald
0%
9 The Crab with the Golden Claws
0%
13 The Seven Crystal Balls
0%
No matching quizzes found
Score Distribution
Percent of People with Each Score
Percentile by Number Answered
Your Score History
You have not taken this quiz